[Event "Gibraltar Masters 2019"]
[Site "Caleta ENG"]
[Date "2019.01.22"]
[Round "1.62"]
[White "Puranik,A"]
[Black "Logothetis,S"]
[Result "1-0"]
[WhiteElo "2536"]
[BlackElo "2210"]

1.Nf3 Nf6 2.g3 d5 3.Bg2 e6 4.O-O Be7 5.d3 O-O 6.Nbd2 c5 7.e4 Nc6 8.Re1 b5
9.e5 Nd7 10.Nf1 Qc7 11.Bf4 Bb7 12.h4 Rfc8 13.N1h2 Qd8 14.Ng5 h6 15.Ngf3 b4
16.Qd2 a5 17.Ng4 Bf8 18.h5 a4 19.a3 bxa3 20.bxa3 Rab8 21.c4 Na5 22.Rad1 Nb3
23.Qe2 Nb6 24.Rb1 Bc6 25.Ne3 Nd4 26.Nxd4 cxd4 27.Nxd5 Nxd5 28.cxd5 Rxb1 29.Rxb1 exd5
30.e6 f6 31.Bh3 Be7 32.Bf5  1-0

[Event "Gibraltar Masters 2019"]
[Site "Caleta ENG"]
[Date "2019.01.22"]
[Round "1.123"]
[White "Teh,Wee Zhun"]
[Black "Bulmaga,I"]
[Result "0-1"]
[WhiteElo "1818"]
[BlackElo "2407"]

1.d4 Nf6 2.c4 e6 3.Nc3 Bb4 4.e3 O-O 5.Bd3 d5 6.Nf3 b6 7.O-O Bb7 8.Bd2 Bd6
9.cxd5 exd5 10.Rc1 a6 11.Qc2 Re8 12.Rfd1 Nbd7 13.Bf1 Ne4 14.g3 Qe7 15.Be1 Rac8
16.Bg2 f5 17.Nd2 g6 18.Nf1 Ndf6 19.Na4 Ng5 20.a3 Nf7 21.Qb3 Ba8 22.Qd3 Bb7
23.b4 Qe6 24.Qb3 Bf8 25.Nb2 Ne4 26.Nd3 g5 27.a4 c6 28.a5 b5 29.f3 Ned6 30.Bf2 Nc4
31.Re1 Qg6 32.Rcd1 Rc7 33.f4 g4 34.Ne5 Qf6 35.Re2 Nfxe5 36.fxe5 Qe7 37.Be1 Bc8
38.Bc3 Be6 39.Nd2 Nxe5 40.Rf2 Nf7 41.Bf1 Bc8 42.Re1 Bh6 43.Rfe2 Qd6 44.Nb1 Ng5  0-1

[Event "Gibraltar Masters 2019"]
[Site "Caleta ENG"]
[Date "2019.01.22"]
[Round "1.122"]
[White "Solomon,K"]
[Black "Francois-Haugrin,Said"]
[Result "1-0"]
[WhiteElo "2413"]
[BlackElo "1825"]

1.Nf3 Nf6 2.c4 e6 3.g3 Be7 4.Bg2 O-O 5.O-O d5 6.b3 c5 7.e3 b6 8.Bb2 Bb7 9.Qe2 dxc4
10.bxc4 Ne4 11.d3 Ng5 12.Nxg5 Bxg2 13.Kxg2 Bxg5 14.Nc3 Bf6 15.Rfd1 Nc6 16.Rab1 Qe7
17.h4 Rfd8 18.Ne4 Bxb2 19.Rxb2 Rd7 20.Rbd2 Rad8 21.Nc3 Qf6 22.Ne4 Qe7 23.Qh5 f6
24.f4 f5 25.Ng5 g6 26.Qf3 Rd6 27.Qe2 h5 28.Kh2 e5 29.e4 exf4 30.gxf4 fxe4
31.dxe4 Qf6 32.Qe3 Rxd2+ 33.Rxd2 Rxd2+ 34.Qxd2 Nd4 35.Kg3 Kg7 36.Kf2 Kf8
37.Nh7+  1-0

[Event "Gibraltar Masters 2019"]
[Site "Caleta ENG"]
[Date "2019.01.22"]
[Round "1.121"]
[White "Gravett,A"]
[Black "Tsolakidou,Stavroula"]
[Result "0-1"]
[WhiteElo "1840"]
[BlackElo "2414"]

1.g3 e5 2.Bg2 d6 3.c4 f5 4.d3 Nf6 5.Nc3 Be7 6.e3 c6 7.Nge2 O-O 8.O-O Be6
9.b3 Na6 10.h3 d5 11.d4 e4 12.cxd5 cxd5 13.Nf4 Bf7 14.h4 h6 15.h5 Bd6 16.Ng6 Bxg6
17.hxg6 Qe8 18.a3 Nc7 19.Ne2 Qxg6 20.Nf4 Qe8 21.Ra2 g5 22.Nh3 f4  0-1

[Event "Gibraltar Masters 2019"]
[Site "Caleta ENG"]
[Date "2019.01.22"]
[Round "1.120"]
[White "Martinez Martin,D"]
[Black "Lochte,S"]
[Result "1-0"]
[WhiteElo "2416"]
[BlackElo "1868"]

1.e4 c5 2.Nf3 e6 3.g3 Nc6 4.Bg2 g6 5.d4 Bg7 6.dxc5 Qa5+ 7.c3 Qxc5 8.Be3 Qb5
9.Qc2 Nge7 10.Na3 Qa5 11.Nc4 Qc7 12.O-O-O O-O 13.Nd6 Ne5 14.Nxe5 Bxe5 15.Bf4 Nc6
16.h4 h5 17.Kb1 b6 18.Bxe5 Nxe5 19.f4 Nc4 20.e5 Rb8 21.g4 Ne3 22.Qe2 Nxg4
23.Bf3 Nh6 24.Rhg1 Kh7 25.Bxh5 Bb7 26.Nxf7 gxh5 27.Ng5+  1-0

[Event "Gibraltar Masters 2019"]
[Site "Caleta ENG"]
[Date "2019.01.22"]
[Round "1.119"]
[White "Chen,Jonathan"]
[Black "Horvath,Dominik"]
[Result "1/2-1/2"]
[WhiteElo "1884"]
[BlackElo "2417"]

1.d4 d5 2.c4 e6 3.Nc3 Bb4 4.Nf3 Nf6 5.Bg5 dxc4 6.e4 h6 7.Bxf6 Qxf6 8.Bxc4 c5
9.O-O O-O 10.e5 Qd8 11.Ne4 cxd4 12.Qxd4 Qxd4 13.Nxd4 a6 14.a3 Be7 15.Rac1 Bd7
16.Rfd1 Rd8 17.f4 Ba4 18.Rd2 Nc6 19.Nf3 Rxd2 20.Nfxd2 Nd4 21.Bf1 Bc6 22.Kh1 Rd8
23.Rc3 Kf8 24.h3 h5 25.Bd3 Nf5 26.Bc2 Rd4 27.Kh2 h4 28.Nf3 Rd8 29.Rd3 Re8
30.Rc3 Rd8 31.Rd3 Ra8 32.Rc3 a5 33.Neg5 Ng3 34.Nxh4 Ne2 35.Re3 Nxf4 36.Nhf3 Rd8
37.Be4 Bxg5 38.Nxg5 Rd2 39.Bxc6 bxc6 40.Kg3 Ng6 41.b3 Ne7 42.Kh2 Nf5 43.Rc3 Nd4
44.Nf3 Nxf3+ 45.Rxf3 Re2 46.Rc3 Rxe5 47.Rxc6 Rb5 48.Rc3 Ke7 49.Kg3 e5 50.Kf3 Ke6
51.h4 f5 52.g3 Kd5 53.Rd3+ Kc5 54.Ke3 e4 55.Rc3+ Kd5 56.b4 axb4 57.Rb3 Rc5
58.axb4 Rc2 59.b5 Rg2 60.Kf4 Rf2+ 61.Kg5 Rf3 62.Rb1 Rxg3+  1/2-1/2

[Event "Gibraltar Masters 2019"]
[Site "Caleta ENG"]
[Date "2019.01.22"]
[Round "1.118"]
[White "Wemmers,X"]
[Black "Obiamiwe,P"]
[Result "1-0"]
[WhiteElo "2418"]
[BlackElo "1903"]

1.d4 d5 2.c4 e6 3.Nc3 Nf6 4.cxd5 exd5 5.Bg5 Nbd7 6.e3 Be7 7.Bd3 c6 8.Qc2 O-O
9.Nge2 Re8 10.O-O Nf8 11.f3 Be6 12.Rae1 Rc8 13.Kh1 a6 14.Na4 N6d7 15.Bxe7 Qxe7
16.Rc1 c5 17.dxc5 b5 18.Nac3 Rxc5 19.Qd2 Ne5 20.Nf4 Rd8 21.b3 Qd7 22.Rfd1 Rdc8
23.a3 R8c7 24.Nce2 Qc8 25.Rxc5 Rxc5 26.Bb1 Nfg6 27.Qd4 Nxf4 28.exf4 Nc4 29.f5 Nxa3
30.fxe6 fxe6 31.Bd3 Nc2 32.Qh4 g6 33.Qf6 Ne3 34.Re1 Nc2 35.Bxc2 Rxc2 36.h4 Qd7
37.Nd4 Rc8 38.Rxe6 Rf8 39.Qe5 Qf7 40.Nc6  1-0

[Event "Gibraltar Masters 2019"]
[Site "Caleta ENG"]
[Date "2019.01.22"]
[Round "1.117"]
[White "Giulian,R"]
[Black "Ladron de Guevara Pinto,P"]
[Result "0-1"]
[WhiteElo "1908"]
[BlackElo "2418"]

1.e4 e5 2.Nf3 Nc6 3.Bb5 a6 4.Ba4 g6 5.d4 exd4 6.Nxd4 Nge7 7.Nxc6 Nxc6 8.c3 Bg7
9.O-O O-O 10.f4 d6 11.Be3 Qe7 12.Qf3 Bd7 13.Bc2 Rae8 14.Nd2 f5 15.Rae1 fxe4
16.Bxe4 Kh8 17.h3 Ne5 18.Qe2 Bb5 19.Qd1 Bxf1 20.fxe5 Bb5 21.exd6 Qxd6 22.Bxb7 Rxe3  0-1

[Event "Gibraltar Masters 2019"]
[Site "Caleta ENG"]
[Date "2019.01.22"]
[Round "1.116"]
[White "Bjerre,Jonas Buhl"]
[Black "Vilarnovo Caamano,J"]
[Result "1-0"]
[WhiteElo "2422"]
[BlackElo "1945"]

1.d4 f5 2.Bg5 h6 3.Bh4 g5 4.e3 Bg7 5.Bg3 d6 6.h4 g4 7.h5 Nf6 8.Ne2 Be6 9.Nf4 Bf7
10.Nc3 O-O 11.Bd3 e6 12.d5 e5 13.Ne6 Bxe6 14.dxe6 e4 15.Bc4 Kh7 16.f3 Qe8
17.fxe4 Nxh5 18.Bh4 Qc6 19.e7 Re8 20.Be6 Bxc3+ 21.bxc3 Qxc3+ 22.Kf1 Nc6 23.Be1 Qf6
24.Bxf5+ Kh8 25.Rxh5 Nxe7 26.Bh4  1-0

[Event "Gibraltar Masters 2019"]
[Site "Caleta ENG"]
[Date "2019.01.22"]
[Round "1.115"]
[White "Cano Sevilla,Ivan"]
[Black "Kavutskiy,K"]
[Result "0-1"]
[WhiteElo "1950"]
[BlackElo "2424"]

1.d4 d6 2.Bf4 g6 3.Nc3 Bg7 4.e4 Nc6 5.d5 Nb8 6.Qd2 Nf6 7.f3 c6 8.O-O-O cxd5
9.Bb5+ Bd7 10.Bxd7+ Nbxd7 11.Nxd5 Nxd5 12.Qxd5 O-O 13.h4 Qb6 14.Qb3 Qa6 15.Be3 Nc5
16.Bxc5 dxc5 17.Nh3 Rac8 18.f4 c4 19.Qa3 c3 20.Qxa6 cxb2+ 21.Kb1 bxa6 22.e5 f6
23.Rhe1 Rc7 24.Kxb2 fxe5 25.fxe5 h6 26.Rd5 e6 27.Rd6 Rfc8 28.Nf4 Rxc2+ 29.Kb1 Rf2
30.Nxg6 Rb8+ 31.Ka1 h5 32.Rxe6 Rxg2 33.Nf4 Kf7 34.Nxg2 Kxe6 35.Nf4+ Kf5 36.Nd3 Rd8
37.Rg1 Bh6 38.Nc5 Be3 39.Rf1+ Kg4 40.Ne4 Rb8 41.Nf6+ Kxh4 42.Rh1+ Kg3 43.Nxh5+ Kf3
44.Rd1 Rb4 45.a4 Bd4+ 46.Ka2 Bxe5 47.Ka3 Rb6 48.Rd7 Rh6 49.Rxa7 Rxh5 50.Rxa6 Ke4
51.Kb4 Kd5 52.Kb5 Rh1 53.Rh6  0-1

[Event "Gibraltar Masters 2019"]
[Site "Caleta ENG"]
[Date "2019.01.22"]
[Round "1.114"]
[White "Kozak,Adam"]
[Black "Adewole,Adeyinka"]
[Result "1-0"]
[WhiteElo "2425"]
[BlackElo "1972"]

1.d4 d6 2.Nf3 g6 3.c4 Bg7 4.Nc3 Nc6 5.d5 Ne5 6.Nxe5 Bxe5 7.Bd2 c5 8.e4 f5
9.Qc2 Nf6 10.Bd3 fxe4 11.Nxe4 Nxe4 12.Bxe4 O-O 13.O-O Bf5 14.Rae1 Qd7 15.Bc3 Bxc3
16.Qxc3 b6 17.Re2 Bxe4 18.Rxe4 Rf7 19.Rfe1 Re8 20.Re6 Rb8 21.h4 Rbf8 22.R1e3 Rg7
23.Qxg7+ Kxg7 24.Rxe7+ Rf7 25.Rxd7 Rxd7 26.a4 Kf7 27.g4 Re7 28.Rxe7+ Kxe7
29.g5 a5 30.Kg2 Kf7 31.f4 Kg7 32.Kf3 Kf7 33.Kg4 Ke7 34.h5 Kf7 35.hxg6+ hxg6
36.f5 Kg7 37.fxg6 Kxg6 38.b3 Kf7 39.Kf5  1-0

[Event "Gibraltar Masters 2019"]
[Site "Caleta ENG"]
[Date "2019.01.22"]
[Round "1.113"]
[White "Solozhenkin,E"]
[Black "Burke,M"]
[Result "1-0"]
[WhiteElo "2427"]
[BlackElo "1994"]

1.d4 Nf6 2.c4 g6 3.g3 Bg7 4.Bg2 O-O 5.Nc3 d6 6.Nf3 Nbd7 7.O-O a6 8.e4 c5
9.h3 Qc7 10.d5 b5 11.cxb5 axb5 12.Nxb5 Qa5 13.Nc3 Ba6 14.Re1 Rfb8 15.Rb1 Ng4
16.Bd2 Nge5 17.Nxe5 Nxe5 18.b3 Nd3 19.Na4 Qc7 20.Re3 c4 21.Bf1 Bd4 22.Bxd3 cxd3
23.Rc1 Qd7 24.Rf3 Rc8 25.Kg2 Rxc1 26.Bxc1 Rc8 27.Nb2 Rc2 28.Nxd3 Bxd3 29.Qxd3 Rxc1
30.Qxd4 Qb5 31.Rd3 Qa5 32.Rd2 Qa6 33.Qd3 Qc8 34.Rb2 Rc3 35.Qe2 f5 36.exf5 Qxf5
37.Rd2 Kf7 38.Rd4 g5 39.Rd2 Rc1 40.Rd3 Kg8 41.Rf3 Qxd5 42.Qxe7 Rc3 43.Qf8+  1-0

[Event "Gibraltar Masters 2019"]
[Site "Caleta ENG"]
[Date "2019.01.22"]
[Round "1.111"]
[White "Raja,Rithvik R"]
[Black "Hewson,Brian W R"]
[Result "1-0"]
[WhiteElo "2431"]
[BlackElo "2006"]

1.d4 Nf6 2.c4 e6 3.g3 d5 4.Nf3 dxc4 5.Bg2 c5 6.O-O Be7 7.dxc5 Qxd1 8.Rxd1 Bxc5
9.Ne5 O-O 10.Nc3 a6 11.Nxc4 Nc6 12.Na4 Ba7 13.Nab6 Bxb6 14.Nxb6 Rb8 15.Be3 Nd5
16.Bxd5  1-0

[Event "Gibraltar Masters 2019"]
[Site "Caleta ENG"]
[Date "2019.01.22"]
[Round "1.110"]
[White "Bianco,V"]
[Black "Larino Nieto,D"]
[Result "0-1"]
[WhiteElo "2018"]
[BlackElo "2432"]

1.d4 d6 2.e4 Nf6 3.Nc3 e5 4.Nf3 Nbd7 5.Bc4 Nb6 6.dxe5 Nxc4 7.exf6 Qxf6 8.Bg5 Nxb2
9.Qd2 Qe6 10.Nd5 Qxe4+ 11.Kf1 Qc4+ 12.Kg1 Be6 13.Ne3 Qc5 14.Rb1 Na4 15.c4 Nb6
16.Qb2 h6 17.Bh4 Rg8 18.Nd4 g5 19.Nxe6 fxe6 20.Qf6 Qe5 21.Qxe5 dxe5 22.Bg3 O-O-O
23.Bxe5 Bc5 24.h4 g4 25.Kh2 Rd2 26.Kg3 Nd7 27.Bb2 Bd6+ 28.f4 gxf3+ 29.Kxf3 Rg3+
30.Ke4 Nc5+  0-1

[Event "Gibraltar Masters 2019"]
[Site "Caleta ENG"]
[Date "2019.01.22"]
[Round "1.109"]
[White "Tomazini,Z"]
[Black "Herzwurm,R"]
[Result "1-0"]
[WhiteElo "2439"]
[BlackElo "2021"]

1.e4 e6 2.d4 d5 3.e5 c5 4.c3 Nc6 5.Nf3 Qb6 6.a3 c4 7.Nbd2 f6 8.Be2 Bd7 9.O-O Na5
10.Re1 Nh6 11.Rb1 Nf7 12.b3 cxb3 13.exf6 gxf6 14.c4 O-O-O 15.cxd5 exd5 16.Nxb3 Ba4
17.Qc2+ Kb8 18.Nfd2 Bd6 19.Qd3 Qc7 20.Nxa5 Qxa5 21.Bb2 Rc8 22.Nb3 Bxb3 23.Qxb3 b6
24.Bf3 Ng5 25.Bxd5 Rhe8 26.Rxe8 Rxe8 27.g3 Nh3+ 28.Kg2 Nxf2 29.Bc3 Qa6 30.Bc4 Qc8
31.Kxf2 Qf5+ 32.Kg1 Bxg3 33.hxg3 Re3 34.Bf1 Rxg3+ 35.Bg2 Qe4 36.Rb2 Qe3+
37.Rf2  1-0

[Event "Gibraltar Masters 2019"]
[Site "Caleta ENG"]
[Date "2019.01.22"]
[Round "1.108"]
[White "Cramling Bellon,Anna"]
[Black "Tokhirjonova,Gulrukhbegim"]
[Result "0-1"]
[WhiteElo "2025"]
[BlackElo "2446"]

1.d4 d5 2.c4 e6 3.Nc3 Nf6 4.cxd5 exd5 5.Bg5 c6 6.e3 Be7 7.Bd3 Nbd7 8.Nge2 h6
9.Bh4 Nh5 10.Bxe7 Qxe7 11.Qd2 Nb6 12.f3 Be6 13.h3 O-O 14.O-O Rfd8 15.g4 Nf6
16.Ng3 c5 17.Nce2 Rac8 18.dxc5 Rxc5 19.Nd4 Nbd7 20.Ngf5 Qf8 21.Rac1 Rdc8
22.h4 Ne5 23.Rxc5 Qxc5  0-1

[Event "Gibraltar Masters 2019"]
[Site "Caleta ENG"]
[Date "2019.01.22"]
[Round "1.107"]
[White "Lei Tingjie"]
[Black "Dasaolu,R"]
[Result "1-0"]
[WhiteElo "2447"]
[BlackElo "2038"]

1.Nf3 Nf6 2.c4 c6 3.g3 g6 4.b3 Bg7 5.Bb2 d5 6.Bg2 O-O 7.O-O Nbd7 8.d4 Ne4
9.e3 e6 10.Qe2 b6 11.a4 a5 12.Nbd2 f5 13.Nxe4 fxe4 14.Nd2 Ba6 15.f3 exf3
16.Nxf3 Rc8 17.Rfd1 Re8 18.e4 Qc7 19.Bh3 Rcd8 20.Qc2 dxc4 21.bxc4 e5 22.Bxd7 Rxd7
23.Nxe5 Rde7 24.c5 Bxe5 25.Qb3+ Re6 26.cxb6 Bxd4+ 27.Rxd4 Qf7 28.Qc3 Re5
29.Rd8  1-0

[Event "Gibraltar Masters 2019"]
[Site "Caleta ENG"]
[Date "2019.01.22"]
[Round "1.106"]
[White "Munoz,Ra"]
[Black "Cornette,Deimante"]
[Result "0-1"]
[WhiteElo "2040"]
[BlackElo "2448"]

1.e4 e6 2.d4 d5 3.e5 c5 4.c3 Nc6 5.Nf3 Bd7 6.Be2 Nge7 7.O-O Ng6 8.Bd3 Rc8
9.a3 cxd4 10.cxd4 Qb6 11.Bc2 Na5 12.Nc3 Nc4 13.b4 Qc7 14.Ba4 Be7 15.Bxd7+ Qxd7
16.Qd3 O-O 17.Be3 f6 18.exf6 Rxf6 19.Ne2 Rcf8 20.Nd2 b5 21.g3 e5 22.Nxc4 bxc4
23.Qd2 e4 24.Bg5 Rf3 25.Bxe7 Qxe7 26.Nc3 Qe6 27.Kg2 Rd3 28.Qc2 Nh4+ 29.Kh1 Rxc3
30.Qxc3 Qh3  0-1

[Event "Gibraltar Masters 2019"]
[Site "Caleta ENG"]
[Date "2019.01.22"]
[Round "1.105"]
[White "Sadhwani,Raunak"]
[Black "Hamer,M"]
[Result "1-0"]
[WhiteElo "2451"]
[BlackElo "2046"]

1.e4 e5 2.Bc4 Nc6 3.Nf3 Nf6 4.d3 Be7 5.O-O O-O 6.h3 d6 7.a4 Be6 8.Nbd2 Qd7
9.a5 a6 10.Re1 Nd8 11.c3 Bxc4 12.Nxc4 Ne6 13.Be3 Rae8 14.Qb3 Qc8 15.Rad1 Kh8
16.Qc2 Rg8 17.d4 exd4 18.cxd4 g5 19.d5 Nf4 20.Nd4 N6h5 21.Nf5 Bf6 22.f3 Rg6
23.Rc1 Qd7 24.Nd2 Rc8 25.Qb3 Ng7 26.Nxg7 Bxg7 27.Nc4 Rg8 28.Qc2 Rh6 29.Qd2 Rh4
30.Bd4 h5 31.Bxg7+ Rxg7 32.Rc2 Nxh3+ 33.gxh3 g4 34.Qh6+ Kg8 35.hxg4 Rg6 36.Qf4 hxg4
37.Rg2 Qb5 38.Ne3 Qxb2 39.Nxg4 Qd4+ 40.Qe3 Qh8 41.Kf2 Kf8 42.Rb1 Rh1 43.Rxh1 Qxh1
44.Rh2 Qa1 45.Rh6 Rg8 46.Rh7 Qb2+ 47.Kg3 Qf6 48.Qh6+  1-0

[Event "Gibraltar Masters 2019"]
[Site "Caleta ENG"]
[Date "2019.01.22"]
[Round "1.104"]
[White "Kozarcanin,S"]
[Black "Javakhishvili,L"]
[Result "1/2-1/2"]
[WhiteElo "2048"]
[BlackElo "2452"]

1.b3 d5 2.Bb2 Bg4 3.d3 Nd7 4.h3 Bh5 5.Nf3 Bxf3 6.exf3 e5 7.d4 Bb4+ 8.Nd2 Qe7
9.dxe5 Nxe5 10.Qe2 d4 11.O-O-O O-O-O 12.f4 Nc6 13.Qxe7 Ngxe7 14.Nf3 f6 15.a3 Bc3
16.Bxc3 dxc3 17.Bc4 a6 18.Be6+ Kb8 19.Rd3 Ng6 20.g3 Rhe8 21.f5 Nf8 22.Re1 Nxe6
23.fxe6 Rd6 24.Rxc3 Rdxe6 25.Rxe6 Rxe6 26.Kd2 Kc8 27.Rd3 Ne5 28.Nxe5 Rxe5
29.f4 Re7 30.a4 a5 31.Re3 Rd7+ 32.Ke2 c6 33.Rd3 Re7+ 34.Re3 Rd7 35.Rd3 Re7+
36.Re3  1/2-1/2

[Event "Gibraltar Masters 2019"]
[Site "Caleta ENG"]
[Date "2019.01.22"]
[Round "1.103"]
[White "Hanley,C"]
[Black "Hng,Mei-En Emmanuelle"]
[Result "1-0"]
[WhiteElo "2452"]
[BlackElo "2071"]

1.e4 c5 2.Nf3 e6 3.Nc3 a6 4.d4 cxd4 5.Nxd4 Qc7 6.Bd3 Nf6 7.f4 d6 8.O-O Be7
9.Kh1 O-O 10.e5 dxe5 11.fxe5 Qxe5 12.Bf4 Qh5 13.Qe1 Nbd7 14.Be2 Ng4 15.h3 Ndf6
16.Bh2 e5 17.hxg4 Bxg4 18.Nf5 Bc5 19.Qg3 Rae8 20.Nxg7 Kxg7 21.Rxf6 Kxf6 22.Ne4+ Kg7
23.Bxg4 Qg6 24.Nxc5 f5 25.Bh5 Qxg3 26.Bxg3  1-0

[Event "Gibraltar Masters 2019"]
[Site "Caleta ENG"]
[Date "2019.01.22"]
[Round "1.102"]
[White "Semprun Martinez,F"]
[Black "Haldorsen,Benjamin"]
[Result "1/2-1/2"]
[WhiteElo "2076"]
[BlackElo "2454"]

1.Nf3 c5 2.g3 Nc6 3.Bg2 g6 4.O-O Bg7 5.c4 e5 6.Nc3 Nge7 7.Ne1 O-O 8.Nc2 d6
9.a3 Be6 10.Ne3 a5 11.Ned5 f5 12.d3 h6 13.Rb1 g5 14.b4 axb4 15.axb4 cxb4
16.Nxb4 Nxb4 17.Rxb4 e4 18.Nd5 Nxd5 19.cxd5 Qa5 20.Bd2 Bxd5 21.dxe4 fxe4
22.Bxe4 Bxe4 23.Rxe4 Qd5 24.Rb4 Rf7 25.Be3 Qxd1 26.Rxd1 Ra2 27.Kf1 Ra1 28.Rxa1 Bxa1
29.h4 Bf6 30.hxg5 hxg5 31.Kg2 Kh7 32.Kh3 Kg6 33.Kg4 Re7 34.Rb6 Re4+ 35.Kf3 d5
36.g4 Ra4 37.Bc5 Rf4+ 38.Kg3 Rc4 39.Be7 Rc6 40.Rxb7 Rc3+ 41.Kg2 Rc4 42.Rb6 Rxg4+
43.Kf1 Rf4 44.Rd6 d4 45.Bxf6 Rxf6 46.Rxd4 Ra6 47.Rd5 Ra2 48.e3 Kh5 49.Kg2 Kg4
50.Rd4+ Kf5 51.Kf3 Ra5 52.Kg3 Re5 53.Kf3 Ra5 54.Rd8 Re5 55.Rf8+ Kg6 56.e4 Ra5
57.Rb8 Ra4 58.Rb6+ Kf7 59.Rb5 Kf6 60.Rf5+ Kg6 61.Rb5 Kf6 62.Rb6+ Kf7 63.Ke3 Ra3+
64.Ke2 Ra2+ 65.Kf1 Ra4 66.f3 Ra2 67.Rb1 Kf6 68.Re1 Ke5 69.Re2 Rxe2 70.Kxe2 g4  1/2-1/2

[Event "Gibraltar Masters 2019"]
[Site "Caleta ENG"]
[Date "2019.01.22"]
[Round "1.101"]
[White "Iniyan,P"]
[Black "Suez Panama,G"]
[Result "1-0"]
[WhiteElo "2456"]
[BlackElo "2078"]

1.d4 Nf6 2.c4 g6 3.Nc3 Bg7 4.e4 d6 5.Nf3 O-O 6.Be2 e5 7.O-O Nc6 8.d5 Ne7
9.b4 Nh5 10.c5 Nf4 11.Bxf4 exf4 12.Qb3 Kh8 13.Rad1 Ng8 14.e5 dxe5 15.d6 Be6
16.Bc4 Bg4 17.dxc7 Qxc7 18.Nb5 Qe7 19.Nd6 Nh6 20.Rfe1 Rad8 21.h3 Bc8 22.Bxf7 Nf5
23.Nxc8 Rxc8 24.Be6 Rce8 25.Bd7 Rd8 26.Qd5 Rf7 27.Rxe5 Bxe5 28.Nxe5 Rg7 29.c6 bxc6
30.Nxc6 Rxd7 31.Nxe7 Rxd5 32.Nxd5 Rd7 33.Rd3 f3 34.g4 Ne7 35.Nf4 Rb7 36.a3 g5
37.Ne6 h6 38.Rxf3 Ng6 39.Rc3 Rb6 40.Rc8+ Kh7 41.Rc7+ Kh8 42.Nc5 Nf4 43.Kh2 a5
44.bxa5 Rb2 45.Ne4 Rb3 46.Nf6 Rxh3+ 47.Kg1 h5 48.Rh7+  1-0

[Event "Gibraltar Masters 2019"]
[Site "Caleta ENG"]
[Date "2019.01.22"]
[Round "1.100"]
[White "Waddington,M"]
[Black "Barski,R"]
[Result "0-1"]
[WhiteElo "2094"]
[BlackElo "2458"]

1.c4 e6 2.Nc3 d5 3.e3 Nf6 4.Nf3 c6 5.b3 Nbd7 6.Bb2 Bd6 7.g4 h6 8.Rg1 e5 9.cxd5 Nxd5
10.Ne4 Bc7 11.h3 Qe7 12.Be2 N7f6 13.Nxf6+ Nxf6 14.Qc2 g6 15.O-O-O Nd5 16.Kb1 a5
17.d4 Nb4 18.Qc3 e4 19.Ne5 Bxe5 20.dxe5 Be6 21.Rd6 O-O 22.Bc4 Nd5 23.Qd4 b5
24.Be2 a4 25.Rxc6 axb3 26.axb3 Nb4 27.Rd6 Nd3 28.Bxd3 exd3 29.Rd1 Bxb3 30.Rxd3 Ba2+
31.Kc2 Be6 32.Rc3 Qh4 33.e4 b4 34.Rf3 Rfc8+ 35.Kd2 Qg5+ 36.Re3 Qf4 37.Ke1 Rc2
38.Rd3 Rc4 39.Rd8+ Rxd8 40.Qxd8+ Kh7 41.Qf6 Qxe4+ 42.Kd2 b3 43.Bc3 Ra4 44.Qf3 Ra2+
45.Kc1 Qc4 46.Kb1 Ra1+ 47.Kb2 Qa4  0-1

[Event "Gibraltar Masters 2019"]
[Site "Caleta ENG"]
[Date "2019.01.22"]
[Round "1.99"]
[White "Abel,D"]
[Black "Verneuil,P"]
[Result "1-0"]
[WhiteElo "2458"]
[BlackElo "2114"]

1.d4 d5 2.c4 dxc4 3.e3 e5 4.Bxc4 exd4 5.exd4 Nf6 6.Nf3 Be7 7.O-O O-O 8.h3 Nbd7
9.Nc3 Nb6 10.Bb3 c6 11.Bg5 Nfd5 12.Bxe7 Nxe7 13.Re1 Ned5 14.Qd2 h6 15.Ne4 Bf5
16.Nc5 Qc7 17.Re5 Bh7 18.Rae1 Rad8 19.Nh2 Rd6 20.Ng4 Nd7 21.Nxd7 Qxd7 22.Bxd5 Rxd5
23.Re7 Qd6 24.Rxb7 Rxd4 25.Qa5 Be4 26.Qxa7 Rd1 27.Qe3 f5 28.Qb3+ Rd5 29.Ne3 f4
30.Nxd5 Bxd5 31.Qc3 Qg6 32.f3 Rf5 33.Ree7 Bf7 34.Rxf7 Rxf7 35.Qc4  1-0

[Event "Gibraltar Masters 2019"]
[Site "Caleta ENG"]
[Date "2019.01.22"]
[Round "1.98"]
[White "Osuna Vega,E"]
[Black "Batsiashvili,N"]
[Result "1/2-1/2"]
[WhiteElo "2116"]
[BlackElo "2459"]

1.c4 e6 2.g3 d5 3.Bg2 dxc4 4.Qa4+ Nd7 5.Nf3 a6 6.Qxc4 b5 7.Qc2 Bb7 8.O-O c5
9.d3 Ngf6 10.a4 b4 11.Nbd2 a5 12.b3 Be7 13.Bb2 O-O 14.e4 Rc8 15.Nc4 Qc7 16.Rad1 Ba8
17.Qe2 Rfd8 18.Nfd2 Nb6 19.f4 Nxc4 20.dxc4 Rd7 21.e5 Bxg2 22.Qxg2 Ng4 23.Qe2 Nh6
24.Ne4 Rcd8 25.Nf2 Nf5 26.Rxd7 Rxd7 27.Rd1 Rxd1+ 28.Qxd1 Qc6 29.Qd3 g5 30.Qe4 Qxe4
31.Nxe4 gxf4 32.gxf4 Ne3 33.Bc1 Nc2 34.Bb2 Ne1 35.Bc1 Nf3+ 36.Kg2 Nd4 37.Be3 Nxb3
38.Kf3 Kg7 39.Ke2 Kg6 40.Kd3 f5 41.exf6 Bxf6 42.Bxc5 Nxc5+ 43.Nxc5 Kf5 44.Nb3 Bd8
45.Nd4+ Kf6 46.Ke4 Ke7 47.f5 exf5+ 48.Nxf5+ Ke6 49.Nd4+ Kd6 50.Nb3 Bb6 51.c5+ Bxc5
52.Nxa5 Bg1 53.h3 Kc5 54.Kd3 h5 55.Nb3+ Kd5 56.Nd2 Ba7 57.Nb3  1/2-1/2

[Event "Gibraltar Masters 2019"]
[Site "Caleta ENG"]
[Date "2019.01.22"]
[Round "1.97"]
[White "Prithu,Gupta"]
[Black "Veltkamp,G"]
[Result "1-0"]
[WhiteElo "2462"]
[BlackElo "2117"]

1.c4 Nf6 2.Nc3 c6 3.e4 e5 4.Nf3 Bb4 5.Nxe5 O-O 6.Nd3 Bxc3 7.dxc3 Nxe4 8.Be2 d5
9.cxd5 Qxd5 10.O-O Nd7 11.Nf4 Qa5 12.Be3 Ndf6 13.Qb3 Qc7 14.Rad1 b6 15.Qc2 Re8
16.Bd3 Nc5 17.Bxc5 Qxf4 18.Bd6 Qg5 19.Qa4 Bg4 20.f3 Bd7 21.Qf4 Qxf4 22.Bxf4 Nd5
23.Bd2 Ne3 24.Bxe3 Rxe3 25.Be4 Be6 26.Kf2 Rxe4 27.fxe4 Kf8 28.Rd6 Rc8 29.Rd2 Ke7
30.Rfd1 Kf6 31.b3 Rc7 32.Ke3 Ke5 33.Rd8 g6 34.Re8 h5 35.h4 b5 36.Rdd8 f5
37.exf5 gxf5 38.Kf3 Rg7 39.Rd1 Rg6 40.Re1+ Kd6 41.R1xe6+ Rxe6 42.Rxe6+ Kxe6
43.Kf4 c5 44.Kg5 a5 45.Kxh5 c4  1-0

[Event "Gibraltar Masters 2019"]
[Site "Caleta ENG"]
[Date "2019.01.22"]
[Round "1.96"]
[White "Stewart,Ashley"]
[Black "Cramling,P"]
[Result "0-1"]
[WhiteElo "2122"]
[BlackElo "2462"]

1.c4 c5 2.g3 g6 3.Bg2 Bg7 4.Nc3 Nc6 5.Nf3 d6 6.O-O e6 7.a3 Nge7 8.Rb1 b6
9.b4 Bb7 10.Qa4 O-O 11.Bb2 Qd7 12.e3 Rad8 13.Ne4 f5 14.Nc3 Ba8 15.d3 h6 16.h4 Bf6
17.Nb5 e5 18.Nc3 g5 19.hxg5 hxg5 20.Nd5 Nxd5 21.cxd5 Ne7 22.Qxd7 Rxd7 23.bxc5 bxc5
24.e4 Bb7 25.Rfd1 Ba6 26.Bc3 Kg7 27.Bf1 Rh8 28.Nd2 f4 29.Be2 Nc8 30.Bg4 Rf7
31.Nc4 Bxc4 32.dxc4 Nb6  0-1

[Event "Gibraltar Masters 2019"]
[Site "Caleta ENG"]
[Date "2019.01.22"]
[Round "1.95"]
[White "Pogonina,N"]
[Black "Cholleti,S"]
[Result "1/2-1/2"]
[WhiteElo "2465"]
[BlackElo "2122"]

1.d4 Nf6 2.c4 e6 3.g3 d5 4.Bg2 Be7 5.Nf3 O-O 6.O-O dxc4 7.Qc2 a6 8.a4 Bd7
9.Qxc4 Bc6 10.Bf4 Bd6 11.Qc1 Bd5 12.Bg5 h6 13.Bxf6 Qxf6 14.Nbd2 Bxf3 15.Bxf3 c6
16.Ne4 Qe7 17.a5 Nd7 18.Rd1 Rfd8 19.Nxd6 Qxd6 20.Ra3 Nf6 21.Rb3 Qc7 22.e3 Rab8
23.Qc5 Ne8 24.Rc1 Nd6 25.Qe5 Qd7 26.Be2 Nb5 27.Rc5 Ra8 28.Bd3 Qe8 29.Qe4 g6
30.Qf4 Kg7 31.h4 Rd5 32.Rxd5 exd5 33.h5 Qe7 34.Qg4 Qd6 35.Bb1 Re8 36.Rd3 Re4
37.Qc8 Re7 38.hxg6 fxg6 39.Rd1 Rf7 40.Qe8 Qb4 41.Qe6 Rf6 42.Qd7+ Rf7 43.Qg4 Rf6
44.Qd7+ Rf7  1/2-1/2

[Event "Gibraltar Masters 2019"]
[Site "Caleta ENG"]
[Date "2019.01.22"]
[Round "1.94"]
[White "Ramasindraibe,Girard"]
[Black "Khademalsharieh,S"]
[Result "0-1"]
[WhiteElo "2129"]
[BlackElo "2468"]

1.d4 Nf6 2.Nf3 d5 3.c4 e6 4.Nc3 a6 5.e3 dxc4 6.Bxc4 b5 7.Be2 Bb7 8.O-O Nbd7
9.a3 c5 10.dxc5 Bxc5 11.b4 Be7 12.Bb2 O-O 13.Qd4 Rc8 14.Rac1 Qb6 15.Rfd1 Rfd8
16.Qf4 Nf8 17.Qg3 Bd6 18.Qh3 Bb8 19.Nd4 Ne4 20.Nxe4 Bxe4 21.Nb3 Rxd1+ 22.Bxd1 Rxc1
23.Bxc1 Qd6 24.Be2 Qc6 25.Nc5 Bd6 26.Qh5 Nd7 27.Nxe4 Qxc1+ 28.Bf1 Be7 29.Ng5 Bxg5
30.Qxg5 Qxa3 31.Qd8+ Nf8 32.Qa8 Qa1 33.g3 g6 34.Kg2 Qa4 35.Kg1 Kg7 36.Qc6 Qa1
37.h4 h5 38.Kg2 Nh7 39.Qb6 Nf6 40.Qa7 Qb2 41.Kg1 Ne4 42.Qd4+ Qxd4 43.exd4 Nc3
44.Bg2 Na2 45.Bb7 Nxb4 46.Kf1 Kf6 47.Ke2 Ke7 48.Kd2 Kd6 49.Kc3 a5 50.Be4 Nd5+
51.Kb3 Kc7 52.f3 Kb6 53.g4 Nf6 54.gxh5 Nxh5 55.d5 exd5 56.Bxd5 f6 57.Kc3 Kc5
58.Bf7 Nf4 59.Kb3 Ng2 60.Bxg6 Nxh4 61.Be4 f5 62.Bb7 f4 63.Be4 Ng2 64.Kc3 a4
65.Bg6 b4+ 66.Kd3 b3 67.Kc3 Ne3 68.Be4 Nd5+  0-1

[Event "Gibraltar Masters 2019"]
[Site "Caleta ENG"]
[Date "2019.01.22"]
[Round "1.93"]
[White "Krishna,CRG"]
[Black "Kandic,Mila"]
[Result "1-0"]
[WhiteElo "2469"]
[BlackElo "2136"]

1.Nf3 Nf6 2.c4 e6 3.g3 d5 4.b3 Be7 5.Bb2 O-O 6.Bg2 c5 7.O-O Nc6 8.e3 b6 9.Qe2 Bb7
10.Rd1 Qc7 11.Nc3 a6 12.cxd5 Nxd5 13.Nxd5 exd5 14.Rac1 Rad8 15.d4 Qb8 16.dxc5 Bxc5
17.Nh4 Ne5 18.Nf5 f6 19.Rd2 g6 20.Nh6+ Kg7 21.Ng4 Nxg4 22.Qxg4 Rf7 23.Rcd1 Qa8
24.e4 d4 25.Bxd4 Bxd4 26.Rxd4 Rxd4 27.Rxd4 f5 28.Qg5 h6 29.Qe3 fxe4 30.Rd6 Kh7
31.Rxb6 Qd8 32.h4 h5 33.Re6 Qd7 34.Re5 Qd1+ 35.Kh2 Qc2 36.Qd4 Qxa2 37.Re8 Rg7
38.Qd8  1-0